00692nam a2200241 a 4500001001300000003000900013005001700022008004100039020002300080082001600103100002100119245004200140260003000182300000900212500003500221505001000256650001400266700002100280902000800301942000700309952011700316999001700433nice12345678IN_TiNIC20260116014819.0050524s1986 dela grp 000 0 eng  a8170276 c10000a340.58bLAH aLahiri, Tarapada aCrime and Punishment in Ancient India aDelhibRadiant Pub.c1986 a207p aincludes index and biblioraphy2 aIndex aManu-Laws1 aLahiri, Tarapada bSRS cBK 001040708StackRoom-aHMIbHMId2007-05-01g100.00l0o340.58 LAHp020033r2007-05-01v100.00w2005-05-24yBK c17090d17090